| 000 | 01669pam a2200433 a 4500 | ||
|---|---|---|---|
| 005 | 20260322212007.0 | ||
| 008 | data | ||
| 010 | _a 92039079 | ||
| 020 |
_a038542471X : _c{dollar}23.50 ({dollar}27.50 Can.) |
||
| 020 | _a0385468652 (large print) | ||
| 020 | _a0385470150 (limited edition) | ||
| 020 |
_a9780385424714 : _c{dollar}23.50 ({dollar}27.50 Can.) |
||
| 020 | _a9780385468657 (large print) | ||
| 020 | _a9780385470155 (limited edition) | ||
| 040 |
_aDLC _cDLC _dDLC _dOCoLC _dDLC |
||
| 043 |
_an-us-tn _an-us-tn |
||
| 050 | 0 | 0 |
_aPS3557.R5355 _bC57 1993 |
| 082 | 0 | 0 |
_a813/.54 _220 |
| 100 | 1 | _aGrisham, John. | |
| 245 | 1 | 4 |
_aThe client / _cJohn Grisham. |
| 260 |
_aNew York : _bDoubleday, _c1993. |
||
| 300 |
_a421 p. ; _c25 cm. |
||
| 650 | 0 |
_aWomen lawyers _vFiction. |
|
| 650 | 0 |
_aAttorney and client _vFiction. |
|
| 650 | 0 |
_aChild witnesses _vFiction. |
|
| 650 | 0 |
_aSuicide victims _vFiction. |
|
| 650 | 0 |
_aOrganized crime _vFiction. |
|
| 650 | 0 |
_aBrothers _vFiction. |
|
| 651 | 0 |
_aNew Orleans (La.) _vFiction. |
|
| 651 | 0 |
_aMemphis (Tenn.) _vFiction. |
|
| 655 | 7 |
_aLegal stories. _2gsafd |
|
| 856 | 4 | 1 |
_3Sample text _uhttp://www.loc.gov/catdir/samples/random041/92039079.html |
| 856 | 4 | 2 |
_3Publisher description _uhttp://www.loc.gov/catdir/description/random042/92039079.html |
| 856 | 4 | 2 |
_3Contributor biographical information _uhttp://www.loc.gov/catdir/enhancements/fy0703/92039079-b.html |
| 906 |
_a7 _bcbc _corignew _d1 _eocip _f19 _gy-gencatlg |
||
| 991 |
_bc-GenColl _hPS3557.R5355 _iC57 1993 _tCopy 1 _wBOOKS |
||
| 001 | data | ||
| 999 |
_c118 _d118 |
||